000
00272nam a2200109Ia 4500
008
200302s9999 xx 000 0 und d
100
_a
Liesl Geiger
245
_a
Essence of Home Timeless Elements of Design
260
_b
The Monacelli Press
260
_c
2007
300
_a
224
999
_c
3319
_d
3319